RPA: stanou se roboti našimi virtuálními spolupracovníky?
Automatizácia procesov v súčasnej infraštruktúre a robotická procesná automatizácia (RPA). RPA predstavuje príležitosť pre automatizáciu veľkého množstva procesov. Prínosy RPA a digitálna pracovná sila budúcnosti.
Salvato in:
| Autore principale: | |
|---|---|
| Altri autori: | |
| Natura: | Capitolo di libro |
| Lingua: | ceco |
| Soggetti: | |
| Tags: |
Nessun Tag, puoi essere il primo ad aggiungerne!!
|
MARC
| LEADER | 00000naa a2200000 4500 | ||
|---|---|---|---|
| 001 | 0230155 | ||
| 005 | 20221104110600.2 | ||
| 041 | 0 | |a cze | |
| 044 | |a CZ | ||
| 245 | 1 | 0 | |a RPA: stanou se roboti našimi virtuálními spolupracovníky? |c Olga Grillová, Tomáš Mužík |
| 520 | |a Automatizácia procesov v súčasnej infraštruktúre a robotická procesná automatizácia (RPA). RPA predstavuje príležitosť pre automatizáciu veľkého množstva procesov. Prínosy RPA a digitálna pracovná sila budúcnosti. | ||
| 610 | 2 | 0 | |a technológie informačné |
| 610 | 2 | 0 | |a technológie komunikačné |
| 610 | 2 | 0 | |a technológie nové |
| 610 | 2 | 0 | |a automatizácia |
| 610 | 2 | 0 | |a robotizácia |
| 610 | 2 | 0 | |a softvér |
| 610 | 2 | 0 | |a inštitúcie finančné |
| 100 | 1 | |a Grillová, Olga | |
| 700 | 1 | |a Mužík, Tomáš | |